| 000 | 00740 a2200169 4500 | ||
|---|---|---|---|
| 003 | NUST | ||
| 005 | 20221222183102.0 | ||
| 040 | _cNust | ||
| 082 | _a355,PAL | ||
| 100 |
_aPalit, D. K. _948672 |
||
| 245 |
_aThe campaign in Malaya / _cD. K. Palit |
||
| 260 |
_aNew Delhi _bThe English book store _c1960 |
||
| 300 | _aiii,118 ,p.; | ||
| 505 | _aDefense Policy in Malaya (Page-1), Japanese and British Plans (Page-12), The Early Disasters (Page-24), Withdrawal From Northern Malaya (Page-35), Loss of Central Malaya (Page-49), Withdrawal From The Mainland (Page-67), Fortress Preparations (Page-84),The Fall of Singapore (Page-92), Commentary on the Campaign (Page-108). | ||
| 650 |
_acampaign in Malaya _9105713 |
||
| 942 |
_2ddc _cBK _k355,PAL |
||
| 999 |
_c184773 _d184773 |
||